Rugby World Cup 2015 Teams - Statistics

General Stats
  • This quiz has been taken 52 times
  • The average score is 17 of 20
Answer Stats
Country % Correct
Australia
100%
New Zealand
100%
Ireland
97%
Argentina
94%
England
94%
Scotland
94%
South Africa
94%
Japan
91%
USA
91%
Wales
91%
Canada
88%
France
85%
Italy
82%
Samoa
82%
Fiji
79%
Tonga
76%
Uruguay
73%
Georgia
67%
Namibia
67%
Romania
64%
No matching quizzes found
Score Distribution
Percent of People with Each Score
Percentile by Number Answered
Your Score History
You have not taken this quiz